000 00451pab a2200181 454500
008 180718b2011 xxu||||| |||| 00| 0 eng d
100 _aDelmas, Magali A.
245 _aThe drivers of greewashing
260 _c2011
300 _ap.64-87.
362 _aFall
650 _aSocial responcibility
650 _aEnvironmental policy
700 _aBurbano, Vanessa Cuerel
773 _aCalifornia Management Review
908 _aN
909 _a94411
999 _c94411
_d94411